Informácia o systémoch nemocenského a sociálneho poistenia a sociálnej starostlivosti vo vybraných krajinách: Švédsko, SRN, Dánsko, Rakúsko, Fínsko (expertíza)

Guardado en:
Detalles Bibliográficos
Autor principal: Antalová, Mária, 1952-
Otros Autores: Bodnárová, Bernardína, Konečný, Stanislav, Herec, Ondrej, Kvapilová, Erika
Formato: Libro
Lenguaje:eslovaco
Publicado: Bratislava Výskumný ústav sociálneho rozvoja a práce 1990
Materias:
Etiquetas: Agregar Etiqueta
Sin Etiquetas, Sea el primero en etiquetar este registro!

MARC

LEADER 00000nam$a2200000$$$4500
001 0112543
005 20240502072241.7
041 0 |a slo 
044 |a SK 
245 1 0 |a Informácia o systémoch nemocenského a sociálneho poistenia a sociálnej starostlivosti vo vybraných krajinách: Švédsko, SRN, Dánsko, Rakúsko, Fínsko  |b (expertíza)  |c Mária Antalová ... [et al.] 
264 1 |a Bratislava  |b Výskumný ústav sociálneho rozvoja a práce  |c 1990 
300 |a 25 s. 
610 2 0 |a poistenie nemocenské 
610 2 0 |a poistenie sociálne 
610 2 0 |a starostlivosť sociálna 
610 2 0 |a krajiny vyspelé 
100 1 |a Antalová, Mária, 1952- 
700 1 |a Bodnárová, Bernardína 
700 1 |a Konečný, Stanislav 
700 1 |a Herec, Ondrej 
700 1 |a Kvapilová, Erika